• 首页
  • 本馆介绍
  • 公告通知
  • 最新文献
  • 馆藏检索
  • 电子资源
  • 读者导购
  • 参考咨询
  • 我的图书馆
  • 登录
  • 详细信息显示
  • 放入我的书架
  • 预约/预借图书
  • 作者相关作品
  • 分类相关作品
  • 丛书相关作品
  • 出版社相关作品

书目信息

  • 表格格式
  • 工作单格式
  • 卡片格式
题名:
悸动的心灵
    
 
作者: 萧枫 , 姜忠喆 主编
分册:  
出版信息: 长春   吉林出版集团有限责任公司  2012
页数: 196页
开本: 23cm
丛书名: 四特教育系列丛书
单 册:
中图分类: G63
科图分类:
主题词: 中小学教育--教学参考资料 , 中小学教育
电子资源:
ISBN: 978-7-5463-8670-6
000 01000oam2 2200277 450
001 2378737850
005 20231129015343.10
010    @a978-7-5463-8670-6@dCNY39.80
100    @a20130425d2012 em y0chiy50 ea
101 0  @achi
102    @aCN@b220000
105    @ay z 000yy
200 1  @a悸动的心灵@Aji dong de xin ling@f萧枫,姜忠喆主编
210    @a长春@c吉林出版集团有限责任公司@d2012
215    @a196页@d23cm
225 2  @a四特教育系列丛书@i在故事中升华经典丛书
330    @a追忆往事并不是轻而易举的事情,教育故事也许并不是教育的解决之道,但却是对教育生命的审问、感怀和确认。本书内容包括:《让每一个孩子微笑》、《断翅的天使》、《一次非常的测试》、《情书引发的事件》等。
410  0 @12001 @a四特教育系列丛书
410  0 @12001 @a在故事中升华经典丛书
606 0  @a中小学教育@j教学参考资料
606 0  @a中小学教育
690    @aG63@v5
701  0 @a萧枫@Axiao feng@c(编辑)@4主编
701  0 @a姜忠喆@Ajiang zhong zhe@4主编
801  0 @aCN@b91MARC@c20130904
905    @aZUCC@dG63@e33
    
    悸动的心灵/萧枫,姜忠喆主编.-长春:吉林出版集团有限责任公司,2012
    196页;23cm.-(四特教育系列丛书.在故事中升华经典丛书)
    
    
    ISBN 978-7-5463-8670-6:CNY39.80
    追忆往事并不是轻而易举的事情,教育故事也许并不是教育的解决之道,但却是对教育生命的审问、感怀和确认。本书内容包括:《让每一个孩子微笑》、《断翅的天使》、《一次非常的测试》、《情书引发的事件》等。
●
相关链接 在五车中查询图书 在当当中查询图书 在豆瓣中查询图书


正题名:悸动的心灵     索取号:G63/33         预约/预借

序号 登录号 条形码 馆藏地/架位号 状态 备注
1 2000997865   2000997865   第四书库/四007架B面6层2列/ [索取号:G63/33] 在馆    
2 2000997866   2000997866   第四书库/四007架B面6层2列/ [索取号:G63/33] 在馆    
3 2000997867   2000997867   第四书库/四007架B面6层2列/ [索取号:G63/33] 在馆    
4 2000997868   2000997868   第四书库/四007架B面6层2列/ [索取号:G63/33] 在馆    
5 2000997869   2000997869   第四书库/四007架B面6层2列/ [索取号:G63/33] 在馆    
6 2000997870   2000997870   第四书库/四007架B面6层2列/ [索取号:G63/33] 在馆    
山东省滨州职业学院图书馆 欢迎您!
大连网信软件有限公司© 版权所有